000 00597nam a2200181 i 4500
001 bg
100 1 _aGrono, Andrzej J.
245 0 _aLaboratorium urządzeń i elementów automatyki :
_bskrypt przeznaczony jest dla studentów [...] /
_cAndrzej Grono, Leszek Morawski ; pod red. A. Grono ; Politechnika Gdańska.
250 _a[Wyd. 2].
260 _aGdańsk :
_bWydaw. PG,
_c1984.
300 _a195 s. :
_brys., wykr. ;
_c24 cm.
700 1 _aMorawski, Leszek.
040 _cBPK
041 _apol
080 _a621.3:681.5(075.8)(076)
942 _cKS
008 s pl f |000 0 pol
999 _c967
_d967
856 _uhttp://koha.tu.koszalin.pl/cgi-bin/koha/opac-detail.pl?biblionumber=967
_yKatalog online BPK